00535nam a2200181Ia 450000500170000000800410001702000150005808200130007310000210008624500430010726000520015030000120020265000130021465000120022794200060023995200950024599900130034020240731041935.0240331s9999 xx 000 0 und d a9559296000 a294bDIS aDisanayaka, J.B. 4aThe Buddha :bin history and tradition aColombobSri Lanka Rupavahini Corporationc1994 a32 p ., aBuddhism aHistory cL 001040708LaWERCLbWERCLcSSCd2024-03-31l0o 294 DISp3306r2024-03-31w2024-03-31yL c886d886